000 00730nam a22002535i 4500
001 17801326
005 20141106165400.0
008 130703s2013 inu 000 0 eng
010 _a 2013944488
020 _a9781587133145 (pbk.)
040 _aDLC
_beng
_erda
_cDLC
042 _apcc
050 _aTK 5105.5
_b.N48b 2014
245 1 0 _aNetwork basics course booklet /
_cCisco Networking Academy.
250 _a1st Ed.
260 _aIndianapolis, Ind. :
_bCisco Press,
_cc2014.
263 _a1307
300 _a335 pages :
_c27 cm.
521 _aInformation Technology
650 _aLaboratory notebooks.
906 _a0
_bibc
_corignew
_d2
_eepcn
_f20
_gy-gencatlg
942 _2lcc
_cBK
_kFOR
999 _c276740
_d276740